Marvel Heroes by Torso #3 - Statistics

General Stats
  • This quiz has been taken 19 times
  • The average score is 11 of 16
Answer Stats
Picture Answer % Correct
Hulk
100%
Punisher
94%
Iron Fist
89%
Black Widow
83%
Black Bolt
72%
Rogue
72%
Elektra
67%
Gwenpool
67%
War Machine
67%
Wonder Man
67%
Vision
61%
White Tiger
61%
Psylocke
56%
Crystal
39%
Werewolf by Night
39%
Snowbird
33%
No matching quizzes found
Score Distribution
Percent of People with Each Score
Percentile by Number Answered
Your Score History
You have not taken this quiz